| 000 | 02529cam a22005294a 4500 | ||
|---|---|---|---|
| 001 | muse2828 | ||
| 003 | MdBmJHUP | ||
| 005 | 20210127150908.0 | ||
| 006 | m o d | ||
| 007 | cr||||||||nn|n | ||
| 008 | 061127s2007 mdu o 00 0 eng d | ||
| 010 | _z 2006039423 | ||
| 020 | _a9781421402437 | ||
| 020 | _a1421402432 | ||
| 020 | _z9780801886607 (hardcover : alk. paper) | ||
| 020 | _z0801886600 (hardcover : alk. paper) | ||
| 035 | _a(OCoLC)794701434 | ||
| 040 |
_aMdBmJHUP _cMdBmJHUP |
||
| 043 | _an-us-mo | ||
| 050 | 0 | 4 |
_aBR560.B76 _bK48 2007 |
| 082 | 0 |
_a277.78/797 _222 |
|
| 100 | 1 |
_aKetchell, Aaron K., _d1971- |
|
| 245 | 1 | 0 |
_aHoly Hills of the Ozarks _bReligion and Tourism in Branson, Missouri / _cAaron K. Ketchell. |
| 264 | 1 | _bJohns Hopkins University Press, | |
| 264 | 3 | _bProject MUSE, | |
| 300 |
_a1 online resource (xxxvi, 300 p.) : _bill. ; |
||
| 504 | _aIncludes bibliographical references (p. [273]-294) and index. | ||
| 505 | 0 | _aIntroduction: "the moral vineyards" -- "Temples of God's own building" : Harold Bell Wright and the roots of Branson tourism -- "Hills of truth and love" : authenticity and the sacred in shepherd of the Hills Country -- "I would much rather see a sermon than hear one" : faith at Silver Dollar City -- Jesus is "the greatest star" : the variety show and contemporary Branson tourism -- "Near heaven" : the dynamics of sacred space in Branson -- Hillbilly heaven : labor, leisure, and the Ozark trickster -- "The aroma of God's spirit" : branding Branson's future. | |
| 506 | 0 |
_aOpen Access _fUnrestricted online access _2star |
|
| 588 | _aDescription based on print version record. | ||
| 651 | 0 |
_aBranson (Mo.) _xReligious life and customs. |
|
| 650 | 0 |
_aPopular culture _xReligious aspects _xChristianity. |
|
| 650 | 0 |
_aRecreation _xReligious aspects _xChristianity. |
|
| 650 | 0 |
_aAmusements _xReligious aspects _xChristianity. |
|
| 650 | 0 |
_aAmusements _zMissouri _zBranson. |
|
| 650 | 0 |
_aRecreation _zMissouri _zBranson. |
|
| 655 | 7 |
_aElectronic books. _2local |
|
| 710 | 2 |
_aProject Muse. _edistributor |
|
| 830 | 0 | _aBook collections on Project MUSE. | |
| 856 | 4 | 0 |
_zFull text available: _uhttps://muse.jhu.edu/book/3491/ |
| 945 | _aProject MUSE - Archive Philosophy and Religion Foundation | ||
| 945 | _aProject MUSE - Archive Complete Foundation | ||
| 999 |
_c23875 _d23875 |
||